THE LAST LECTURE (Record no. 22045)

MARC details
000 -LEADER
fixed length control field 00249nam a22001217a 4500
003 - CONTROL NUMBER IDENTIFIER
control field SGT
082 ## - DEWEY DECIMAL CLASSIFICATION NUMBER
Classification number 370
Item number PAU
100 ## - MAIN ENTRY--PERSONAL NAME
Personal name PAUSCH, RANDY
245 ## - TITLE STATEMENT
Title THE LAST LECTURE
260 ## - PUBLICATION, DISTRIBUTION, ETC. (IMPRINT)
Place of publication, distribution, etc NY.USA
Name of publisher, distributor, etc HODDER PUB.
Year of Publication 2008
300 ## - PAGE DESCRIPTION
No. of Pages 206
942 ## - ADDED ENTRY ELEMENTS (KOHA)
Source of classification or shelving scheme Dewey Decimal Classification
Koha item type Books
942 ## - ADDED ENTRY ELEMENTS (KOHA)
-- 3
Holdings
Withdrawn status Lost status Source of classification or shelving scheme Damaged status Not for loan Collection code Home library Current library Date acquired SGTU Total Checkouts Full call number Accession No. (Barcode) Date last seen Date last borrowed Bill Date Koha item type
    Dewey Decimal Classification     MASS COMMUNICATION SGT Science & Social Sciences Library SGT Science & Social Sciences Library 06/12/2021 SGTU 3 370 PAU MC805 07/04/2023 07/04/2023 06/12/2021 Books